000 01774cam a2200169 4500500
005 20260426010553.0
041 _afre
042 _adc
100 1 0 _aThomasset, Alain
_eauthor
245 0 0 _aL'imagination dans la pensée de Paul Ricœur fonction poétique du langage et transformation du sujet
260 _c2005.
500 _a26
520 _aAlain Thomasset* suggère ici que les travaux de Ricœur sur la poétique des textes, comme effet de lecture, permettent de mettre en évidence la puissance transformatrice des écrits bibliques sur le sujet qui décide de s’approprier ces textes. Il montre que dans ce processus de formation du sujet croyant, l’imagination joue un rôle considérable comme lieu premier où s’engendrent et se reçoivent des représentations qui permettent une inspiration fondamentale de l’homme, une création d’existence, et qui suscitent une nouvelle manière d’être au monde, à la suite du Christ.
520 _aAlain Thomasset suggests that Ricœur’s works about the poetics of texts considered as an effect of reading show the transforming power that biblical writings exercise on a subject who has decided to make them his own. He stresses that in the building process of a believing subject, imagination plays a major role. As a matter of fact it is the first place where representations are generated and received. These representations allow the fundamental inspiration of a human being, a creation of existence, and give rise to a new way of being in the world by following Christ.
786 0 _nÉtudes théologiques et religieuses | 80 | 4 | 2005-12-01 | p. 525-541 | 0014-2239
856 4 1 _uhttps://shs.cairn.info/revue-etudes-theologiques-et-religieuses-2005-4-page-525?lang=fr&redirect-ssocas=7080
999 _c2222539
_d2222540